000 00794nam a2200253Ia 4500
003 OSt
005 20220927105138.0
006 a|||||r|||| 00| 0
007 ta
008 220926b |||||||| |||| 00| 0 eng d
024 _a185075
037 _cReference Collections
040 _aRTL
_cRTL
_beng
041 _2eng
_aeng
082 _a"X71:8F.2.N78<N77r, L7/GD"
110 _a"INDIA, RAILWAYS (Ministry of-)"
_9370448
245 0 _aPublic accounts committee
_b Twelth report
260 _aNew
_bDelhi Lok Sabha secretariat
_c1977
300 _a"v,139p."
_ccm.
500 _aAppendix :114-139p.
700 _a"INDIA, RAILWAYS (Ministry of-)"
_9370449
942 _h"X71:8F.2.N78<N77r, L7/GD"
_cCC
999 _c690858
_d690858